000 00537nam a2200205Ia 4500
005 20250923145927.0
008 008 250917s9999 xx 000 0 eng d
037 _aTextual
040 _aDSWL
_beng
_cDSWL
041 _aeng
_2eng
084 _aY:7:7, N96
_qDSWL
100 _aMidgley, James
_9840392
245 0 _aSocial development
_c by James Midgley
260 _aNew Delhi
_bSage
_c1995
300 _a194p.
365 _aGBP
_b12.95
925 _g12.95
942 _cTEXL
_hY:7:7, N96
999 _c1457447
_d1457447